| 000 | 00000nam##2200000za#4500 |
| 001 | 9.572341 |
| 003 | CaOODSP |
| 005 | 20220111083052 |
| 007 | cr ||||||||||| |
| 008 | 150406|1992||||xxc|||||o f|0| 0 eng|d |
| 022 | |a1928-6414 |
| 040 | |aCaOODSP|beng |
| 043 | |an-cn--- |
| 086 | 1 |aNE22-1/1992-17E-PDF |
| 110 | 1 |aCanada. |bNational Energy Board. |
| 245 | 10|aReasons for decision, Alberta Natural Gas Company Ltd : |h[electronic resource]|bcomplaint respecting ANG's 30 January 1992 amendment to statement of effective rates and charges |
| 246 | 1 |iVariant title : |aAlberta Natural Gas Company Ltd |
| 260 | |aCalgary - Alberta : |bNational Energy Board |cSeptember 1992. |
| 300 | |a35p.|btables |
| 490 | 1 |aReasons for decision|x1928-6414|vRHW-1-92 |
| 500 | |aThe catalogue number (NE22-1/1992-17E) and ISBN (0-662-19991-x) for the print edition have been incorrectly copied in this electronic publication. |
| 590 | |a12-06-Supp|b2012-03-07 |
| 775 | 08|tMotifs de décision relativement à Alberta Natural Gas Company Ltd : |w(CaOODSP)9.602718 |
| 776 | 0#|tAlberta Natural Gas Company Ltd. : |w(CaOODSP)9.608603 |
| 830 | #0|aReasons for decision (Canada. National Energy Board)|x1928-6414|vRHW-1-92|w(CaOODSP)9.504480 |
| 856 | 40|ahttp://publications.gc.ca|qPDF|s58 KB|uhttps://publications.gc.ca/collections/Collection/NE22-1-1992-17E.pdf|yRHW-1-92 |